书目信息 |
| 题名: |
德行天下
|
|
| 作者: | 段超 著 | |
| 分册: | ||
| 出版信息: | 北京 中国长安出版社 2006 |
|
| 页数: | 229页 | |
| 开本: | 23cm | |
| 丛书名: | ||
| 单 册: | ||
| 中图分类: | F270-05 | |
| 科图分类: | ||
| 主题词: | 企业管理--伦理学 , 企业管理 , 伦理学 | |
| 电子资源: | ||
| ISBN: | 7-80175-488-3 | |
| 000 | 00964nam0 2200277 450 | |
| 000 | 00970nam0 2200277 450 | |
| 000 | 00900nam0 2200253 450 | |
| 000 | 00864nam0 2200241 45 | |
| 005 | 20070518141143.35 | |
| 010 | @a7-80175-488-3@dCNY29.00 | |
| 100 | @a20070406d2006 em y0chiy0120 ea | |
| 101 | 0 | @achi |
| 102 | @aCN@b110000 | |
| 105 | @ay z 000yy | |
| 200 | 1 | @a德行天下@ADe Xing Tian Xia@e企业伦理道德经营准则@EQi Ye Lun Li Dao De Jing Ying Zhun Ze@f段超著@FDuan Chao Zhu |
| 210 | @a北京@c中国长安出版社@d2006 | |
| 215 | @a229页@d23cm | |
| 330 | @a全书共分七章,内容包括:天下之事,皆从于德、“得道者”基业长青、顾客的满意是企业长青的根基、员工的忠心是企业长生的核心等。 | |
| 517 | 1 | @a企业伦理道德经营准则@AQi Ye Lun Li Dao De Jing Ying Zhun Ze |
| 606 | 0 | @a企业管理@x伦理学 |
| 606 | 0 | @a企业管理 |
| 606 | 0 | @a伦理学 |
| 690 | @aF270-05@v4 | |
| 701 | 0 | @a段超@ADuan Chao@4著 |
| 801 | 0 | @aCN@bTAOJIN@c20070518 |
| 905 | @a10447@dF270-05@e466 | |
| 德行天下:企业伦理道德经营准则/段超著.-北京:中国长安出版社,2006 |
| 229页;23cm |
| ISBN 7-80175-488-3:CNY29.00 |
| 全书共分七章,内容包括:天下之事,皆从于德、“得道者”基业长青、顾客的满意是企业长青的根基、员工的忠心是企业长生的核心等。 |
| ● |
| 相关链接 |
|
|
|
|
正题名:德行天下
索取号:F270-05/466
 
预约/预借
| 序号 | 登录号 | 条形码 | 馆藏地/架位号 | 状态 | 备注 |
| 1 | 0521465 | 205214659 | 第一样本阅览室/ [索取号:F270-05/466] | 在馆 | |
| 2 | 0521466 | 205214668 | 第一借阅区/ [索取号:F270-05/466] | 在馆 | |
| 3 | 0521467 | 205214677 | 密集书库/ [索取号:F270-05/466] | 在馆 | |
| 4 | 0521468 | 205214686 | 第一借阅区/ [索取号:F270-05/466] | 在馆 | |
| 5 | 0521469 | 205214695 | 密集书库/ [索取号:F270-05/466] | 在馆 | |
| 6 | 0521470 | 205214702 | 第一借阅区/ [索取号:F270-05/466] | 在馆 | |
| 7 | 0521471 | 205214711 | 密集书库/ [索取号:F270-05/466] | 在馆 | |
| 8 | 0521472 | 205214720 | 第一借阅区/ [索取号:F270-05/466] | 在馆 |